000 00443nam a22001817a 4500
003 MPLRDC
005 20220104175255.0
008 210129b ||||| |||| 00| 0 eng d
020 _a967-68-0012-0
082 _a524.964 SAM v.1 1983
100 _aMOHD. NOOR SAMAT
245 _aSEJARAH TINGKATAN 1
_c
250 _a第三版
260 _a
_bPUSTAKA SENI (M) S/B
_c1983
300 _b
650 _a
942 _cBK
_o524.964 SAM v.1 1983
999 _c60290
_d60280